Central Library OPAC University of Rajshahi

An introduction to research procedure in social sciences / (Record no. 34871)

MARC details
000 -LEADER
fixed length control field 00791cam a2200265 4500
001 - CONTROL NUMBER
control field 34871
003 - CONTROL NUMBER IDENTIFIER
rucl marc code BD-RjUL
005 - DATE AND TIME OF LATEST TRANSACTION
control field 20211209052226.0
008 - FIXED-LENGTH DATA ELEMENTS--GENERAL INFORMATION
fixed length control field 140519s1970 nyu b 001 0 eng
020 ## - INTERNATIONAL STANDARD BOOK NUMBER
International Standard Book Number 0210270136
035 ## - SYSTEM CONTROL NUMBER
System control number (BD-RjUL)34965
040 ## - CATALOGING SOURCE
Original cataloging agency DLC
Transcribing agency DLC
Modifying agency BD-RjUL
Language of cataloging eng
041 ## - LANGUAGE CODE
Language code of text/sound track or separate title eng
082 00 - DEWEY DECIMAL CLASSIFICATION NUMBER
Classification number 300.72
Author mark and year GOI 1970
100 1# - MAIN ENTRY--PERSONAL NAME
Personal name Gopal, M. H.
Fuller form of name (Mysore Hatti),
Dates associated with a name 1904-
9 (RLIN) 106146
245 13 - TITLE STATEMENT
Title An introduction to research procedure in social sciences /
Statement of responsibility, etc. M. H. Gopal.
250 ## - EDITION STATEMENT
Edition statement 2d rev. and enl. ed.
260 ## - PUBLICATION, DISTRIBUTION, ETC. (IMPRINT)
Place of publication, distribution, etc. New York :
Name of publisher, distributor, etc. Asia Pub. House ;
Date of publication, distribution, etc. 1970
300 ## - PHYSICAL DESCRIPTION
Pagination xi, 303 p. :
Size 22 cm.
504 ## - BIBLIOGRAPHY, ETC. NOTE
Bibliography, etc Includes bibliographical references.
650 #0 - SUBJECT ADDED ENTRY--TOPICAL TERM
Topical term or geographic name as entry element Social sciences
General subdivision Research.
9 (RLIN) 106147
942 ## - ADDED ENTRY ELEMENTS (KOHA)
Source of classification or shelving scheme Dewey Decimal Classification
Koha item type Books
Holdings
Lost status Source of classification or shelving scheme Damaged status Not for loan Collection code Permanent Location Current Location Shelving location Date acquired Source of acquisition Cost, normal purchase price Total Checkouts Full call number Date last seen Copy number Koha item type
  Dewey Decimal Classification     Non-fiction Central Library, University of Rajshahi Central Library, University of Rajshahi   13/05/1978 Dhaka, Paragon ent. Ltd. 18.00   300.72 GOI 1970 19/05/2014 C-8 Books
  Dewey Decimal Classification     Non-fiction Central Library, University of Rajshahi Central Library, University of Rajshahi   13/05/1978 Asia Foundation 8.00   300.72 GOI 1970 20/05/2014 C-10 Books
  Dewey Decimal Classification     Non-fiction Central Library, University of Rajshahi Central Library, University of Rajshahi   28/05/1973 K.L.Mukhopadhy 8.00   300.72 GOI 1970 20/05/2014 C-4 Books
  Dewey Decimal Classification     Non-fiction Central Library, University of Rajshahi Central Library, University of Rajshahi   03/05/1978 Dhaka, Paragon ent. Ltd. 18.00   300.72 GOI 1970 20/05/2014 C-9 Books